Teórie vo verejných financiách vybraté učebné texty
Gespeichert in:
| 1. Verfasser: | |
|---|---|
| Körperschaft: | |
| Weitere Verfasser: | , , , |
| Format: | Buch |
| Sprache: | Slowakisch |
| Veröffentlicht: |
Bratislava
Vydavateľstvo EKONÓM
2003
|
| Ausgabe: | 2. vyd. |
| Schlagworte: | |
| Tags: |
Keine Tags, Fügen Sie das erste Tag hinzu!
|
MARC
| LEADER | 00000nam a2200000 4500 | ||
|---|---|---|---|
| 001 | c142962 | ||
| 005 | 20221108125039.7 | ||
| 020 | |a 80-225-1688-0 | ||
| 041 | 0 | |a slo | |
| 044 | |a SK | ||
| 245 | 1 | 0 | |a Teórie vo verejných financiách |b vybraté učebné texty |c Erika Neubauerová a kolektív |
| 250 | |a 2. vyd. | ||
| 264 | 1 | |a Bratislava |b Vydavateľstvo EKONÓM |c 2003 | |
| 300 | |a 155 s. | ||
| 610 | 2 | 0 | |a financie verejné |
| 610 | 2 | 0 | |a štát |
| 610 | 2 | 0 | |a sektory hospodárske |
| 610 | 2 | 0 | |a trh |
| 610 | 2 | 0 | |a sektor verejný |
| 610 | 2 | 0 | |a voľby |
| 610 | 2 | 0 | |a politika fiškálna |
| 610 | 2 | 0 | |a výdavky verejné |
| 610 | 2 | 0 | |a príjmy |
| 610 | 2 | 0 | |a teórie ekonomické |
| 610 | 2 | 0 | |a dane |
| 610 | 2 | 0 | |a zdaňovanie |
| 610 | 2 | 0 | |a deficit rozpočtový |
| 100 | 1 | |a Neubauerová, Erika, 1968- | |
| 700 | 1 | |a Petrenka, Ján | |
| 700 | 1 | |a Zubaľová, Alena, 1959- | |
| 700 | 1 | |a Beličková, Kornélia, 1966- | |
| 700 | 1 | |a Tóth, Richard | |
| 710 | 2 | |a Ekonomická univerzita v Bratislave. Národohospodárska fakulta | |